00625nam a22002057a 450000500170000001000130001702000220003003500130005203700160006504000120008108200160009310000190010924500640012826000310019227000530022330000250027650000510030165000470035265000200039920170124110013.0 aA-938194 c00.00a0333923979 aA-938194 bCen Lib/Ret aDPLbEN a300.72bDIW aDwivedi, R. S. aResearch method in behavioural sciences /cby R. S. Dwivedi aNew DelhibMacmillanc1997 bNew Delhia2/10, Ansari Road, Darya Ganje110002 aviii,256p.c22cm(Hb) aIncludes bibliographical references and index  aSocial sciences -- Research -- Methodology aSocial sciences